000
00308nam a2200133Ia 4500
008
240624s9999 xx 000 0 und d
041
_a
eng
082
_a
658.1 GUI
100
_a
GUILLEBEAU CHRIS
245
_a
100 STARTUP
260
_c
2012
_a
New York
_b
Crown Business
300
_a
304 : p.
365
_c
_b
25
999
_c
19491
_d
19491